000 00406ntaaa2200169 4500
003 01
005 20251027202422.0
008 0714s1973 ag 01
040 _aAR-BaBN
_bspa
_cAR-BaBN
_eaacr
_dRIC
082 _a289.3000 T15
100 _aTanner, Jerald
_923052
245 _aMormonism
250 _a1 ed.
260 _aSalt Lake City :
_bModern Microfilm Company,
_c1961
300 _a262 p
942 _cBK
999 _c19131
_d19131